Strength of Materials (Record no. 6164)

000 -LEADER
fixed length control field 00468nam a22001937a 4500
001 - CONTROL NUMBER
control field 6164
003 - CONTROL NUMBER IDENTIFIER
control field BD-DhUET
008 - FIXED-LENGTH DATA ELEMENTS--GENERAL INFORMATION
fixed length control field 141130b xxu||||| |||| 00| 0 eng d
040 ## - CATALOGING SOURCE
Original cataloging agency DLC
Transcribing agency DLC
Modifying agency BD-DhUET
082 ## - DEWEY DECIMAL CLASSIFICATION NUMBER
Classification number 620.11
Item number KHU/1984
100 ## - MAIN ENTRY--PERSONAL NAME
Personal name Khurmi, R. S.
245 ## - TITLE STATEMENT
Title Strength of Materials
250 ## - EDITION STATEMENT
Edition statement 14th ed.
260 ## - PUBLICATION, DISTRIBUTION, ETC. (IMPRINT)
Place of publication, distribution, etc. New Delhi
Name of publisher, distributor, etc. S. Chand
Date of publication, distribution, etc. 1984
300 ## - PHYSICAL DESCRIPTION
Extent vi, 991 p.
Other physical details ill.
650 #0 - SUBJECT ADDED ENTRY--TOPICAL TERM
Topical term or geographic name as entry element Strength of materials
700 ## - ADDED ENTRY--PERSONAL NAME
Personal name Lal, Jagdish
942 ## - ADDED ENTRY ELEMENTS (KOHA)
Koha item type General Book
Holdings
Copy number Damaged status Piece designation (barcode) Withdrawn status Location (home branch) Lost status Source of classification or shelving scheme Koha date last seen Koha item type Date acquired Price effective from Koha full call number Shelving location Sublocation or collection (holding branch) Koha normalized classification for sorting Not for loan
1 58300 Central Library, BUET  2014-11-30General Book2014-11-302014-11-30620.11/KHU/1984Circulation sectionCentral Library, BUET620_110000000000000_KHU_1984 
2 58299 Central Library, BUET  2014-12-04General Book2014-12-042014-12-04620.11/KHU/1984Circulation sectionCentral Library, BUET620_110000000000000_KHU_1984 
3 58304 Central Library, BUET  2017-01-25General Book2014-12-042014-12-04620.11/KHU/1984Circulation sectionCentral Library, BUET620_110000000000000_KHU_1984 
4 58293 Central Library, BUET  2014-12-06General Book2014-12-062014-12-06620.11/KHU/1984Circulation sectionCentral Library, BUET620_110000000000000_KHU_1984 
5 39805 Central Library, BUET  2014-12-06General Book2014-12-062014-12-06620.11/KHU/1984Circulation sectionCentral Library, BUET620_110000000000000_KHU_1984 
6 58305 Central Library, BUET  2015-04-30General Book2015-04-302015-04-30620.11/KHU/1984Circulation sectionCentral Library, BUET620_110000000000000_KHU_1984 
7 58303 Central Library, BUET  2015-04-30General Book2015-04-302015-04-30620.11/KHU/1984Circulation sectionCentral Library, BUET620_110000000000000_KHU_1984 
8 58306 Central Library, BUET  2015-06-20Reading Item2015-06-202015-06-20620.11/KHU/1984Reading sectionCentral Library, BUET620_110000000000000_KHU_1984 
11 58297 Central Library, BUET  2015-06-28Reading Item2015-06-282015-06-28620.11/KHU/1984Reading sectionCentral Library, BUET620_110000000000000_KHU_1984 
10 58298 Central Library, BUET  2015-06-28Reading Item2015-06-282015-06-28620.11/KHU/1984Reading sectionCentral Library, BUET620_110000000000000_KHU_1984 
11 58301 Central Library, BUET  2015-06-28Reading Item2015-06-282015-06-28620.11/KHU/1984Reading sectionCentral Library, BUET620_110000000000000_KHU_1984 
12 58296 Central Library, BUET  2015-06-30Reading Item2015-06-302015-06-30620.11/KHU/1984Reading sectionCentral Library, BUET620_110000000000000_KHU_1984 
13 58295 Central Library, BUET  2015-06-30Reading Item2015-06-302015-06-30620.11/KHU/1984Reading sectionCentral Library, BUET620_110000000000000_KHU_1984 
14 58302 Central Library, BUET  2015-07-02Reading Item2015-07-022015-07-02620.11/KHU/1984Reading sectionCentral Library, BUET620_110000000000000_KHU_1984